Speciální neurologie : pro studenty bakalářských oborů /

Hlavní autor: Bar, Michal, 1965-
Korporativní autor: Ostravská univerzita. Lékařská fakulta
Další autoři: Školoudík, David, 1972-
Jazyk: Čeština
Vydáno: Ostrava : Lékařská fakulta Ostravské univerzity v Ostravě, 2011
Vydání: 1. vyd.
Témata:
Fyzický popis: 171 s. ; 30 cm
Knihy
Uloženo v:
LEADER 01679nam a2200433 a 4500
001 nkc20122341763
003 CZ PrNK
005 20120320100522.0
007 ta
008 120227s2011 xr e p 000 0 cze
015 |a cnb002341763 
020 |a 978-80-7368-961-2  |q (brož.) :  |c Kč 134,00 
035 |a (OCoLC)791319068 
040 |a ABA001  |b cze 
072 7 |a 616  |x Patologie. Klinická medicína  |2 Konspekt  |9 14 
072 7 |a 37.016  |x Učební osnovy. Vyučovací předměty. Učebnice  |2 Konspekt  |9 22 
080 |a 616.8  |2 MRF 
080 |a (075.8)  |2 MRF 
100 1 |a Bar, Michal,  |d 1965-  |7 xx0047124  |4 aut 
245 1 0 |a Speciální neurologie :  |b pro studenty bakalářských oborů /  |c Michal Bar, David Školoudík a kol. 
246 3 0 |a Speciální neurologie pro studenty bakalářských oborů 
250 |a 1. vyd. 
260 |a Ostrava :  |b Lékařská fakulta Ostravské univerzity v Ostravě,  |c 2011 
300 |a 171 s. ;  |c 30 cm 
500 |a Nad názvem: Ostravská univerzita v Ostravě, Lékařská fakulta 
500 |a 150 výt. 
504 |a Obsahuje bibliografii 
650 0 7 |a speciální neurologie  |7 ph351280  |2 czenas 
650 0 9 |a special neurology  |2 eczenas 
655 7 |a učebnice vysokých škol  |7 fd133772  |2 czenas 
655 9 |a textbooks (higher)  |2 eczenas 
700 1 |a Školoudík, David,  |d 1972-  |7 xx0020614  |4 aut 
710 2 |a Ostravská univerzita.  |b Lékařská fakulta  |7 kn20110309001 
910 2 |a BOA001  |b 4-1282.167 
928 9 |a Ostravská univerzita, Lékařská fakulta 
990 |a BK 
995 |a 01 
991 |b 201203  |c NOV  |e n 
996 6 |b 2610503740  |c 4-1282.167  |l MZK  |r Sklad / do 1 hodiny  |n 2  |p p.v.  |w 001229782  |u 000010  |a 1  |e BOA001  |j MZK50  |s P